Riconosci il Pokémon - Quiz n°877 - Statistics

Statistiche generali
  • Questo quiz è stato fatto 4 volte
  • Il punteggio medio è 6 su 10
Statistiche sulle risposte
Indizio Risposta % Corretto
Generazione Ottava
100%
Tipo Roccia / Fuoco
75%
Stadio evoluzione Seconda evoluzione
75%
Abilità Vapormacchia; Corpodifuoco; Fuocardore
75%
Altezza 2,8 m; > 42, 0 m (Gigamax)
50%
Peso 310,5 kg; ???,? kg (Gigamax)
50%
Tasso di cattura 45 (11.9%)
50%
Sesso 50% ♂, 50% ♀
50%
Pokémon Coalossal
50%
Tasso di allevamento Medio-Lento
50%
Nessun quiz corrispondente trovato
Distribuzione punteggi
Percentuale di utenti per punteggio
Percentile per numero di risposta
I tuoi punteggi nel tempo
Non hai fatto questo quiz